O pequeno ladrão de palavras (Registo nº 6032)
[ vista simples ]
| 000 -Etiqueta do registo | |
|---|---|
| Valores | 00663nam a2200229 4500 |
| 010 ## - Número ISBN | |
| ISBN | 9789895379323 |
| 021 ## - Número do Depósito Legal | |
| Número | 506571/22 |
| 100 ## - Dados gerais de processamento | |
| Dados gerais | 20250930d2022 c y0pory50030103ba |
| 200 1# - Titulo e menção de responsabilidade | |
| Título próprio | O pequeno ladrão de palavras |
| Primeira menção de responsabilidade | Nathalie Minne |
| Outras menções de responsabilidade | trad. Fernanda Gonçalves |
| 210 #9 - Publicação | |
| Local de publicação | [S.l.] |
| Nome do editor | Paleta de Letras |
| Data de publicação | 2022 |
| 215 ## - Descrição física | |
| Paginação / Volumes | [26] p. |
| Outras indicações físicas | il. |
| 606 ## - Nome comum usado como assunto | |
| ID Autoridade | 14 |
| Palavra de ordem | Literatura infantil |
| 606 ## - Nome comum usado como assunto | |
| ID Autoridade | 13 |
| Palavra de ordem | Literatura Estrangeira |
| 675 ## - CDU | |
| Notação | 82-93 |
| Edição | BN |
| Língua | por |
| 675 ## - CDU | |
| Notação | 821.1/.8 |
| Edição | BN |
| Língua | por |
| 700 ## - Autor principal (pessoa individual) | |
| Apelido | Minne |
| Nome | Nathalie |
| ID Autoridade | 5722 |
| 702 ## - Autor secundário (pessoa individual) | |
| ID Autoridade | 5723 |
| Apelido | Gonçalves |
| Nome | Fernanda |
| 801 #0 - Fonte de origem | |
| País | PT |
| Agência | BEN2VN |
| Regras de catalogação | RPC |
| 830 ## - Notas gerais do catalogador | |
| Criado por | Tânia Croca |
| Data de criação | 30/09/2025 |
| 990 ## - Elementos KOHA | |
| Tipo de documento | Livro |
| Situação do levantamento | Biblioteca de origem | Código de barras | Cota | Permissão de empréstimo | Tipo de documento | Forma de aquisição |
|---|---|---|---|---|---|---|
| Biblioteca Escola Nº2 Vendas Novas | 100000030297 | LI EST/MIN | Livro |